1704 1061 1281 1733 1963 1238 1675 1478 1610 1274 1655 1894 1936 1336 1225 1216 1886 1815 1910 1294 1408 1230 1982 1903 1161 1667 1256 1385 1947 1992 1482 1101 1486 1536 1464 1268 1363 1956 1207 1937 1035 1185 1163 1482 1292 1282 1682 1142 1300 1564 1509 1636 1331 1216 1450 1907 1756 1776 1663 1028 1732 1730 1693 1581 1551 1757 1978 1932 1986 1847 1301 1920 1846 1975 1955 1464 1312 1099 1065 1999 1826 1677 1149 1112 1758 1570 1713 1114 1185 1068 1091 1826 1726 1410 1606 1409 1164 1235 1695 BCNSPRNW ULIB Ver.6.0+V

เปลี่ยนเป็นภาษาไทย

Change to English
 แสดงรายละเอียดบรรณานุกรม
  กลับหน้าหลัก

Brief Record : Get Marc (ISO 2709) : E-mail record : QR code < ปิดหน้าต่าง
LEADER : 00000nam 2200000uu 4500
001    13399111922
003     ULIB
008    110627s2552||||th 000 0 tha d
020    9786165000246
090    นว.^bค472อ 2552
100 0  คีตฌาณ์
245 00 อริ...ที่รัก/^cคีตฌาณ์
250    พิมพ์ครั้งที่ 1
260    กรุงเทพฯ :^bพิมพ์คำ,^c2552
300    372 หน้า
710 1  พิมพ์คำ
945    ^p240^l0^i026780
995    ทศพร
999 ^a ใช้งานได้ทุกระบบ
รายการนี้ยังไม่มีแท็ก
คุณยังไม่ได้ล็อกอิน คุณสามารถมีกิจกรรมร่วมกับเว็บไซต์ได้ แต่ต้องล็อกอินก่อน ::
  ล็อกอิน

รายการสื่อสารสนเทศ

ลำดับที่ ประเภท เลขเรียก/บาร์โค้ด สถานที่ สถานะ
- ไม่พบข้อมูล -

รายการใกล้เคียง
    ผู้แต่ง [คีตฌาณ์]

BibComment


ยังไม่เคยถูกคอมเมนท์

คอมเมนท์ทรัพยากรรายการนี้
  คอมเมนท์: อริที่รัก คีตฌาณ์


 Copyright 2026. Bcnsprnw @Library